Spotřební funkce a princip Ricardovské ekvivalence v malé otevřené ekonomice

Sumarizácia základných poznatkov o spotrebnej funkcie. Teoretický prístup k spotrebnej funkcii. Funkcie spotreby v malej otvorenej ekonomike. Empirická verifikácia modelov.

Guardado en:
Detalles Bibliográficos
Autor principal: Mandel, Martin
Otros Autores: Tomšík, Vladimír
Formato: Capítulo de libro
Lenguaje:checo
Materias:
Etiquetas: Agregar Etiqueta
Sin Etiquetas, Sea el primero en etiquetar este registro!

MARC

LEADER 00000naa$a2200000$$$4500
001 0003029
005 20231002112750.3
041 0 |a cze 
044 |a CZ 
245 1 0 |a Spotřební funkce a princip Ricardovské ekvivalence v malé otevřené ekonomice  |c aut. Martin Mandel, Vladimír Tomšík 
520 |a Sumarizácia základných poznatkov o spotrebnej funkcie. Teoretický prístup k spotrebnej funkcii. Funkcie spotreby v malej otvorenej ekonomike. Empirická verifikácia modelov. 
610 2 0 |a funkcie spotrebné 
610 2 0 |a teórie ekonomické 
610 2 0 |a modely ekonomicko-matematické 
610 2 0 |a hypotézy 
100 1 |a Mandel, Martin 
700 1 |a Tomšík, Vladimír